| 000 | 00915cam a22002894a 4500 | ||
|---|---|---|---|
| 003 | UPN | ||
| 005 | 20220906144637.0 | ||
| 008 | 090210s2006 mx a r 000 0 spa d | ||
| 020 | _a9706439536 (10 dígitos) | ||
| 020 | _a9789706439536 (13 dígitos) | ||
| 035 | _aUPN01000169111 | ||
| 040 |
_aUPN _bspa _cUPN |
||
| 049 | _aCG | ||
| 050 | 4 |
_aBD444 _bS35 |
|
| 100 | 1 |
_aScott, Phil, _d1961- _945850 |
|
| 245 | 1 | 0 |
_aMortal : _b¿sabes cómo te vas a morir? / _cPhill Scott, Peter Engelman ; traducción Martha Elsa Mauri. |
| 250 | _aPrimera edición | ||
| 260 |
_aMéxico : _bSelector, _c2006. |
||
| 300 |
_a190 páginas : _bilustraciones |
||
| 490 | 0 | _aLiteratura juvenil | |
| 534 |
_pTítulo original: _tDeadly |
||
| 650 | 4 |
_aMuerte _vMiscelánea _945853 |
|
| 700 | 1 |
_aEngelman, Peter _ecoautor _945851 |
|
| 700 | 1 |
_aMauri Hernández, Martha Elsa _etraductora _945852 |
|
| 905 | _aLibro | ||
| 942 |
_2lcc _cLIBRO |
||
| 999 |
_c141217 _d141217 |
||